00582nam a2200181Ia 4500008004100000020001500041041001200056100001400068245005500082250000800137260002500145300000800170650001600178700001200194942000700206999001700213952017000230221030s9999 xx 000 0 und d a0070669123 aEnglish aB. Hughes 0aSoftware Project Managementcby B. Hughes, R. Mall a5th bTMHaNew Delhic2011 a397 aBB Computer aR. Mall cBK c16285d16285 pBB 793g550.00i7006l0eRKBr2025-05-17 00:00:00w2022-10-30yBK003Print4070aMIETLIBbMIETLIBcBL-Academic Block B, FL-2, CUP-104, SH-5, R-5d2016-02-0410HBB